Towards a new architecture, (Record no. 352432)
[ view plain ]
| 000 -LEADER | |
|---|---|
| fixed length control field | 01060 a2200301 4500 |
| 003 - CONTROL NUMBER IDENTIFIER | |
| control field | OSt |
| 005 - DATE AND TIME OF LATEST TRANSACTION | |
| control field | 20180116192335.0 |
| 008 - FIXED-LENGTH DATA ELEMENTS--GENERAL INFORMATION | |
| fixed length control field | 120117t xxu||||| |||| 00| 0 eng d |
| 010 ## - LIBRARY OF CONGRESS CONTROL NUMBER | |
| LC control number | 39020496 |
| 020 ## - INTERNATIONAL STANDARD BOOK NUMBER | |
| International Standard Book Number | 9650060367 |
| 020 ## - INTERNATIONAL STANDARD BOOK NUMBER | |
| International Standard Book Number | 9789650060367 |
| 035 ## - SYSTEM CONTROL NUMBER | |
| System control number | (OCoLC)2738043 |
| 040 ## - CATALOGING SOURCE | |
| Transcribing agency | 0 |
| 082 ## - DEWEY DECIMAL CLASSIFICATION NUMBER | |
| Classification number | 720 |
| 100 0# - MAIN ENTRY--PERSONAL NAME | |
| Personal name | Le Corbusier, |
| 9 (RLIN) | 527 |
| 245 10 - TITLE STATEMENT | |
| Title | Towards a new architecture, |
| Statement of responsibility, etc. | by Le Corbusier [pseud.] translated from the 13th French ed., with an introduction by Frederick Etchells. |
| 260 ## - PUBLICATION, DISTRIBUTION, ETC. | |
| Place of publication, distribution, etc. | London, |
| Name of publisher, distributor, etc. | J. Rodker, |
| Date of publication, distribution, etc. | 2008. |
| 300 ## - PHYSICAL DESCRIPTION | |
| Extent | xix, 289 p. |
| Other physical details | incl. front., illus., plates, plans. |
| Dimensions | 26 x 19 cm. |
| 500 ## - GENERAL NOTE | |
| General note | "Second to fourth thousand." |
| 600 ## - SUBJECT ADDED ENTRY--PERSONAL NAME | |
| Personal name | Le Corbusier |
| Dates associated with a name | 1887-1965 |
| 9 (RLIN) | 528 |
| 650 #0 - SUBJECT ADDED ENTRY--TOPICAL TERM | |
| Topical term or geographic name entry element | Architecture. |
| 9 (RLIN) | 529 |
| 650 #0 - SUBJECT ADDED ENTRY--TOPICAL TERM | |
| Topical term or geographic name entry element | Functionalism (Architecture) |
| 9 (RLIN) | 530 |
| 650 #0 - SUBJECT ADDED ENTRY--TOPICAL TERM | |
| Topical term or geographic name entry element | Architecture, Modern |
| 9 (RLIN) | 531 |
| 700 1# - ADDED ENTRY--PERSONAL NAME | |
| Personal name | Etchells, Frederick, |
| Dates associated with a name | 1886- |
| 9 (RLIN) | 532 |
| 942 ## - ADDED ENTRY ELEMENTS (KOHA) | |
| Institution code [OBSOLETE] | SADA |
| Koha item type | Book |
| Call number prefix | 720 LEC 2008 |
| Source of classification or shelving scheme | |
| Withdrawn status | Lost status | Source of classification or shelving scheme | Damaged status | Not for loan | Permanent Location | Current Location | Date acquired | Total Checkouts | Total Renewals | Full call number | Barcode | Date last seen | Date last checked out | Copy number | Cost, replacement price | Price effective from | Koha item type |
|---|---|---|---|---|---|---|---|---|---|---|---|---|---|---|---|---|---|
| School of Art Design and Architecture (SADA) | School of Art Design and Architecture (SADA) | 09/29/2010 | 2 | 4 | 720 LEC 2008 | SADA0000243 | 03/17/2016 | 12/31/2015 | 01 | 1091.00 | 08/05/2011 | Book | |||||
| School of Art Design and Architecture (SADA) | School of Art Design and Architecture (SADA) | 03/11/2011 | 2 | 2 | 720 LEC 2008 | SADA0000661 | 12/18/2013 | 12/13/2013 | 02 | 1096.00 | 01/17/2012 | Book |
